| 000 | 01316cam a22003497a 4500 | ||
|---|---|---|---|
| 003 | CHAP | ||
| 005 | 20220329141852.0 | ||
| 008 | 980318d1990 mx r 00010 spa d | ||
| 010 | _a75031 | ||
| 011 | _a76003 | ||
| 035 | _a85579 | ||
| 040 | _cCHAP | ||
| 082 | 0 | 4 |
_a634.928 _bV5 |
| 100 | 0 | 0 |
_aVilla Salas, Avelino _eed. _9119369 |
| 245 | 1 | 0 |
_aPlan de manejo silvícola integral de la zona norte de Quintana Roo _c/ed. por Avelino B. Villa Salas, Emma A. Hernández Orihuela y Víctor E. Sosa Cedillo |
| 260 | 0 |
_a(México, D. F.) : _bAsociacion Méxicana de Profesionales Forestales, _c1990. |
|
| 300 |
_a100 p. : _bcuadros |
||
| 590 |
_aBATCH-UPD _b10 _c20130110 _lUCH01 _h0505 |
||
| 590 |
_aBATCH-UPD _b10 _c20130410 _lUCH01 _h0143 |
||
| 590 |
_aBATCH-UPD _b10 _c20130410 _lUCH01 _h1610 |
||
| 590 |
_aBATCH-UPD _b10 _c20130914 _lUCH01 _h0719 |
||
| 590 |
_aCONVERSION _b10 _c20130109 _lUCH01 _h1341 |
||
| 650 | 1 | 4 |
_aBosques _xAdministración _xQuintana Roo. _914024 |
| 650 | 1 | 4 |
_aBosques _xQuintana Roo. _914375 |
| 650 | 1 | 4 |
_aSilvicultura _xPublicaciones periódicas. _9106124 |
| 700 | 0 |
_aHernández Orihuela, Emma _eed. _954418 |
|
| 700 | 0 |
_aSosa Cedillo, Víctor _eed. _9108794 |
|
| 901 | _aBK | ||
| 905 | _aLilia Sánchez G. | ||
| 942 | _cLIBRO | ||
| 949 |
_a634.928 V5 _bBC _cLIBRO _d33724000689352 _eLIBRO _h92538 _i85579 _si |
||
| 999 |
_c75031 _d75031 |
||